Economy and Society : (Record no. 3828)

MARC details
000 -LEADER
fixed length control field 01048nam a22002775a 4500
008 - FIXED-LENGTH DATA ELEMENTS--GENERAL INFORMATION
fixed length control field 081028t1978 xxua frb 001 0 eng d
010 ## - LIBRARY OF CONGRESS CONTROL NUMBER
LC control number 74081443
020 ## - INTERNATIONAL STANDARD BOOK NUMBER
International Standard Book Number 0520028244
-- 0520035003
040 ## - CATALOGING SOURCE
Original cataloging agency EG-ScBUE
Language of cataloging en
Transcribing agency EG-ScBUE
082 04 - DEWEY DECIMAL CLASSIFICATION NUMBER
Classification number 300.1
Item number WEB
100 1# - MAIN ENTRY--PERSONAL NAME
Personal name weber, max,
9 (RLIN) 717
245 10 - TITLE STATEMENT
Title Economy and Society :
Remainder of title an outline of interpretive sociology /
Statement of responsibility, etc Max Weber ; Edited by Guenther Roth and Claus Wittich ; Translated by Ephraim Fischoff ... [et. al.].
260 ## - PUBLICATION, DISTRIBUTION, ETC. (IMPRINT)
Place of publication, distribution, etc Berkeley ;
-- London :
Name of publisher, distributor, etc University of California Press,
Date of publication, distribution, etc c. 1978.
300 ## - PHYSICAL DESCRIPTION
Extent 2 v. ;
Dimensions 24 cm.
500 ## - GENERAL NOTE
General note Translation of Wirtschaft und Gesellschaft, based on the 4th German ed.
504 ## - BIBLIOGRAPHY, ETC. NOTE
Bibliography, etc Includes bibliographical references and index.
590 ## - LOCAL NOTE (RLIN)
Local note Mohamed Hussein
650 #0 - SUBJECT ADDED ENTRY--TOPICAL TERM
Topical term or geographic name as entry element Sociology.
9 (RLIN) 718
Source of heading or term BUEsh
650 #0 - SUBJECT ADDED ENTRY--TOPICAL TERM
Topical term or geographic name as entry element Economics.
9 (RLIN) 720
Source of heading or term BUEsh
651 ## - SUBJECT ADDED ENTRY--GEOGRAPHIC NAME
Source of heading or term BUEsh
653 ## - INDEX TERM--UNCONTROLLED
Resource For college BAEPS, Economics
Arrived date list August2015
700 1# - ADDED ENTRY--PERSONAL NAME
Personal name Roth, Guenther.
Relator term editor
9 (RLIN) 721
700 1# - ADDED ENTRY--PERSONAL NAME
Personal name Wittich, Claus.
Relator term editor
9 (RLIN) 722
700 1# - ADDED ENTRY--PERSONAL NAME
Personal name Fischoff, Ephraim.
9 (RLIN) 723
942 ## - ADDED ENTRY ELEMENTS (KOHA)
Item type Book - Borrowing
Call number prefix 300.1WEB
Source of classification or shelving scheme Dewey Decimal Classification
Holdings
Withdrawn status Item status Source of classification or shelving scheme Damaged status Not for loan Home library Current library Shelving location Date acquired Source of acquisition Total Checkouts Total Renewals Full call number Barcode Date last seen Date last borrowed Koha item type Public note
    Dewey Decimal Classification     Central Library Central Library First floor 07/07/2016 Purchase 5 112 300.1 WEB 000030055 15/07/2025 22/03/2016 Book - Borrowing Vol. 1
    Dewey Decimal Classification     Central Library Central Library First floor 02/11/2008 Purchase 3 104 300.1 WEB 000030056 15/07/2025 22/03/2016 Book - Borrowing Vol. 2